| 000 | 01749 a2200289 4500 | ||
|---|---|---|---|
| 003 | Nust | ||
| 005 | 20220726114919.0 | ||
| 010 | _a 2008046538 | ||
| 020 | _a1597492973 (pbk.) | ||
| 020 | _a9781597492973 (pbk.) | ||
| 035 | _a(OCoLC)ocn272304399 | ||
| 040 | _cNust | ||
| 082 | 0 | 0 | _a005.8,KUB |
| 100 | 1 |
_aKubasiak, Ryan R. _995166 |
|
| 245 | 1 | 0 |
_aMac OS X, iPod, and iPhone forensic analysis DVD toolkit / _cRyan R. Kubasiak, Sean Morrissey, lead authors ; [contributing authors], Walter Barr ... [et al.] ; Jesse Varsalone, technical editor. |
| 260 |
_aBurlington, MA : _bSyngress Pub., _cc2009. |
||
| 300 |
_axix, 551 p. : _bill. ; _c24 cm. + _e1 DVD (4 3/4 in.) |
||
| 505 | 0 | _aTiger And Leopard Mac OS X Operating Systems (Page-1), Getting A Handle on Mac Hardware (Page-31), Mac Disks and Partitioning (Page-55), HFS Plus File System (Page-93), File Vault (Page-127), Time Machine (Page-147), Acquiring Forensic Images (Page-169), Recovering Browser History (Page-191), Recovery of E-Mail Artifacts, iChat, and Other Chat Logs (Page-213), Locating and Recovering Photos (Page-241), Finding and Recovering Quicktime Movies and other Video (Page-263), Recovering Pdfs, Word Files, and other Documents (Page-283), Forensic Acquisition of an iPod (Page-313), iPod Forensics (Page-335), Forensic Acquisition of an iPhone (Page-355), iPhone Forensics(Page-395) | |
| 650 | 0 |
_aComputer crimes. _918532 |
|
| 650 | 0 |
_aComputer security. _9570 |
|
| 650 | 0 |
_aData recovery (Computer science) _918676 |
|
| 650 | 0 |
_aMacintosh (Computer) _995167 |
|
| 700 | 1 |
_aMorrissey, Sean. _995168 |
|
| 700 | 1 |
_aVarsalone, Jesse. _995169 |
|
| 856 | 4 | 2 |
_3Publisher description _uhttp://www.loc.gov/catdir/enhancements/fy0903/2008046538-d.html |
| 942 |
_2ddc _cREF |
||
| 999 |
_c188420 _d188420 |
||